| 000 | 00472nam a2200097Ia 4500 | ||
|---|---|---|---|
| 008 | 170517s9999 xx 000 0 und d | ||
| 245 | _aBallet, Sweat and Tears | ||
| 300 | _aEvery mother bringing her child to the Academy believes she will be an accomplished ballet dancer. You've raised your child and gone through all the trouble to hand her over, but at best she's going to dance at the... | ||
| 650 | _xArt. | ||
| 856 | _uhttp://topdocumentaryfilms.com/ballet-sweat-tears/ | ||
| 999 |
_c333118 _d333118 |
||